Types of Lists - Statistics

General Stats
  • This quiz has been taken 23 times
  • The average score is 6 of 10
Answer Stats
Hint Answer % Correct
A list of words, with their definition Dictionary
95%
A book of maps Atlas
90%
An alphabetical list of words and places found in a book Glossary
80%
A list of everything you hope to accomplish by death Bucket list
70%
A list of sources used to write a material Bibliography
55%
A list of chapters or parts Table of Contents
50%
A list of stuff that needs to be done or retrieved To-do list
50%
A list of things and places, with a short article on them Encyclopedia
40%
A list of synonyms Thesaurus
40%
A list of words in a language Lexicon
5%
No matching quizzes found
Score Distribution
Percent of People with Each Score
Percentile by Number Answered
Your Score History
You have not taken this quiz